000 00547nam a22001817a 4500
999 _c191870
_d191870
005 20220906113202.0
010 _aENG-134902
020 _c395.00
_a978-81-89917-92-0
035 _aEN-118434
037 _bDBAD/PUB
082 _a881.08
100 _aSharma, Aruna
245 _aUse of myths in the poetry of Ted Hughes/
_cAruna Kumari
260 _c2011
_bVishvabharti Publications
_aNew Delhi
270 _a4378/4B Ansari Road, Daryaganj
_bNew Delhi
_e110002
300 _a106p.
_c21cm(hb)
942 _2ddc
_cEN
_h881.08
_mSHA